[Event "PARDUBICE OPEN 2007 "]
[Site "CEZ arena,  Pardubice  (CZE)"]
[Date "2007.07.27"]
[Round "8"]
[White "Kasparov, Sergey"]
[Black "Stupak, Kirill"]
[Result "1/2-1/2"]
[WhiteElo "2500"]
[BlackElo "2377"]
[PlyCount "59"]
[EventDate "2007.07.20"]

1. d4 e6 2. c4 Nf6 3. Nc3 c5 4. d5 exd5 5. cxd5 Bd6 6. Bg5 Bc7 7. e4 d6 8. f4
O-O 9. Nf3 Re8 10. Bb5 Bd7 11. Bxd7 Nbxd7 12. O-O Nf8 13. e5 dxe5 14. fxe5 Bxe5
15. Nxe5 Rxe5 16. Bxf6 gxf6 17. Qf3 f5 18. Rae1 Qe7 19. Rxe5 Qxe5 20. Qxf5 Qxf5
21. Rxf5 Re8 22. Kf2 a6 23. Rg5+ Kh8 24. Rg3 Ng6 25. Re3 Rd8 26. a4 b5 27. axb5
axb5 28. Nxb5 Rxd5 29. Nc3 Rd4 30. Re4 1/2-1/2

[Event "PARDUBICE OPEN 2007 "]
[Site "CEZ arena,  Pardubice  (CZE)"]
[Date "2007.07.27"]
[Round "8"]
[White "Klima, Lukas"]
[Black "Henrichs, Thomas"]
[Result "1/2-1/2"]
[WhiteElo "2405"]
[BlackElo "2496"]
[PlyCount "103"]
[EventDate "2007.07.20"]

1. e4 c5 2. Nf3 d6 3. d4 cxd4 4. Nxd4 Nf6 5. Nc3 a6 6. Bg5 e6 7. f4 Qb6 8. Nb3
Nbd7 9. Qf3 Qc7 10. O-O-O b5 11. Bd3 Bb7 12. Rhe1 Be7 13. Nd4 Qb6 14. Nd5 Qxd4
15. Bxb5 Qc5 16. Bxd7+ Kxd7 17. Nxe7 Kxe7 18. Qb3 Rhb8 19. e5 dxe5 20. fxe5 Kf8
21. Bxf6 gxf6 22. Qh3 f5 23. Qxh7 Bd5 24. Qh8+ Ke7 25. Qf6+ Ke8 26. h4 Rc8 27.
c3 Rab8 28. Qh8+ Kd7 29. Qg7 Qf8 30. Qg5 Qe7 31. Qf4 Qb4 32. Rxd5+ exd5 33.
Qxf5+ Kd8 34. Re2 Qb6 35. Rf2 Rc7 36. h5 Qe3+ 37. Kd1 Qe4 38. Qf6+ Kc8 39.
Qxa6+ Rbb7 40. Qa8+ Kd7 41. Rd2 Qg4+ 42. Kc1 Qf4 43. h6 Qxh6 44. Qa5 Kc8 45.
Qa8+ Kd7 46. Qa5 Qh1+ 47. Rd1 Qh6+ 48. Rd2 d4 49. Qa4+ Ke7 50. Qa3+ Kd7 51.
Qa4+ Ke7 52. Qa3+ 1/2-1/2

[Event "PARDUBICE OPEN 2007 "]
[Site "CEZ arena,  Pardubice  (CZE)"]
[Date "2007.07.27"]
[Round "8"]
[White "Jaracz, Pawel"]
[Black "Van, Oosterom Chiel"]
[Result "1-0"]
[WhiteElo "2495"]
[BlackElo "2358"]
[PlyCount "65"]
[EventDate "2007.07.20"]

1. d4 f5 2. g3 Nf6 3. Bg2 g6 4. c4 Bg7 5. Nc3 O-O 6. Nh3 d6 7. d5 Na6 8. O-O
Qe8 9. Rb1 c6 10. b4 Bd7 11. Nf4 g5 12. Nd3 f4 13. gxf4 Nh5 14. Ne4 Nxf4 15.
Nxf4 gxf4 16. Kh1 Nc7 17. Rg1 cxd5 18. cxd5 Qh5 19. Bb2 Ne8 20. Bf3 Qh6 21. Bg4
Bf5 22. Qd3 Bg6 23. Bxg7 Nxg7 24. Rbc1 Qh4 25. Rc7 f3 26. exf3 Rf4 27. Qe3 Raf8
28. Rc8 Rxc8 29. Qxf4 Kh8 30. Rg3 Nh5 31. Qe3 Bxe4 32. Bxc8 Nxg3+ 33. fxg3 1-0

[Event "PARDUBICE OPEN 2007 "]
[Site "CEZ arena,  Pardubice  (CZE)"]
[Date "2007.07.27"]
[Round "8"]
[White "Krapivin, Vladislav"]
[Black "Jansa, Vlastimil"]
[Result "0-1"]
[WhiteElo "2394"]
[BlackElo "2494"]
[PlyCount "118"]
[EventDate "2007.07.20"]

1. e4 c5 2. Nc3 Nc6 3. g3 g6 4. Bg2 Bg7 5. d3 d6 6. f4 e6 7. Nf3 Nge7 8. O-O
O-O 9. Be3 Rb8 10. e5 b6 11. exd6 Qxd6 12. Re1 Bb7 13. Ne4 Qd7 14. Rb1 Rfd8 15.
Qd2 Qc7 16. Qc1 Nd4 17. Ne5 Nec6 18. Nxc6 Bxc6 19. Nd2 Bxg2 20. Kxg2 Qc6+ 21.
Kg1 Rb7 22. Qd1 Rbd7 23. Bf2 Qa4 24. c3 Qxd1 25. Rexd1 Nc6 26. Nc4 Rxd3 27.
Rxd3 Rxd3 28. a4 f5 29. Kf1 Bf8 30. Ke2 Rd5 31. Ne3 Rd7 32. Nc4 Kf7 33. Rd1
Rxd1 34. Kxd1 e5 35. fxe5 Ke6 36. Ke2 Nxe5 37. Nxe5 Kxe5 38. Kd3 Kd5 39. c4+
Ke6 40. Be3 Bd6 41. Bg5 Kd7 42. Ke3 Be7 43. Bh6 g5 44. h3 Ke6 45. Kf3 Kf7 46.
h4 gxh4 47. gxh4 Bxh4 48. Bf4 Bd8 49. Bb8 a6 50. Ba7 a5 51. Bb8 Ke6 52. b3 Kd7
53. Bf4 Bc7 54. Bh6 Ke6 55. Ke3 Kf6 56. Kf3 Bd6 57. Bd2 Kg6 58. Be1 Kg5 59.
Bd2+ f4 0-1

[Event "PARDUBICE OPEN 2007 "]
[Site "CEZ arena,  Pardubice  (CZE)"]
[Date "2007.07.27"]
[Round "8"]
[White "Iskusnykh, Sergei"]
[Black "Sodoma, Jan"]
[Result "1-0"]
[WhiteElo "2488"]
[BlackElo "2334"]
[PlyCount "59"]
[EventDate "2007.07.20"]

1. d4 d5 2. c4 c6 3. Nf3 Nf6 4. e3 e6 5. b3 Nbd7 6. Bd3 Bd6 7. O-O O-O 8. Bb2
Ne4 9. Qc2 f5 10. Ne5 Nxe5 11. dxe5 Be7 12. Nd2 Nxd2 13. Qxd2 b6 14. cxd5 cxd5
15. b4 a5 16. a3 Bd7 17. Bd4 Qc7 18. Rfc1 Qb7 19. Bc3 a4 20. Bd4 Rfc8 21. Qe2
b5 22. g4 g6 23. Kh1 Rc4 24. Rg1 Rf8 25. gxf5 exf5 26. Qh5 Qc6 27. Rad1 Qe6 28.
Rg3 Bc6 29. Rdg1 Kg7 30. Rh3 1-0

[Event "PARDUBICE OPEN 2007 "]
[Site "CEZ arena,  Pardubice  (CZE)"]
[Date "2007.07.27"]
[Round "8"]
[White "Anoshkin, Alexander"]
[Black "Panchanathan, Magesh"]
[Result "0-1"]
[WhiteElo "2386"]
[BlackElo "2486"]
[PlyCount "78"]
[EventDate "2007.07.20"]

1. e4 e5 2. Nf3 Nc6 3. d4 exd4 4. Bc4 Nf6 5. e5 d5 6. Bb5 Ne4 7. Nxd4 Bd7 8.
Bxc6 bxc6 9. O-O Bc5 10. f3 Ng5 11. f4 Ne6 12. c3 f5 13. Be3 O-O 14. Qd3 Bxd4
15. cxd4 c5 16. dxc5 d4 17. Bd2 Bc6 18. Na3 Qd5 19. Qf3 Qxc5 20. Qb3 Bd5 21.
Qb4 Qxb4 22. Bxb4 Rfb8 23. Ba5 Rxb2 24. Rf2 Rxf2 25. Kxf2 Rb8 26. Rc1 c5 27. g3
Rb2+ 28. Rc2 Rxc2+ 29. Nxc2 Bxa2 30. Na3 a6 31. Nc2 Kf7 32. Ne1 Ke7 33. Nf3 Kd7
34. h3 Bd5 35. Ne1 Be4 36. Bd2 Kc6 37. g4 g6 38. gxf5 gxf5 39. Kg3 c4 0-1

[Event "PARDUBICE OPEN 2007 "]
[Site "CEZ arena,  Pardubice  (CZE)"]
[Date "2007.07.27"]
[Round "8"]
[White "Zaremba, Andrei"]
[Black "Haub, Thorsten-Michael"]
[Result "0-1"]
[WhiteElo "2321"]
[BlackElo "2466"]
[PlyCount "92"]
[EventDate "2007.07.20"]

1. e4 g6 2. d4 Bg7 3. Nc3 d6 4. Be3 a6 5. a4 b6 6. g3 e6 7. Bg2 Ne7 8. Qd2 h6
9. Nge2 Nd7 10. O-O Bb7 11. h3 d5 12. e5 Nf5 13. f4 Nxe3 14. Qxe3 c5 15. Nd1
cxd4 16. Nxd4 Rc8 17. Nf2 O-O 18. g4 g5 19. Nd3 gxf4 20. Rxf4 a5 21. c3 Ba6 22.
Nb5 Bxb5 23. axb5 Qg5 24. Re1 Rc4 25. Rxc4 dxc4 26. Qxg5 hxg5 27. Nf2 Nxe5 28.
Ne4 Rd8 29. Nxg5 Rd2 30. Rb1 Nd3 31. Bf1 Bh6 32. Ne4 Rc2 33. g5 Ne5 34. Bg2 Bf8
35. Nf6+ Kh8 36. Be4 Bc5+ 37. Kh1 Nd3 38. Ng4 Re2 39. b4 axb4 40. cxb4 Bd4 41.
Bf3 Rd2 42. Be4 c3 43. Bxd3 Rxd3 44. Rc1 Rd2 45. Nh2 c2 46. Nf1 Rf2 0-1

[Event "PARDUBICE OPEN 2007 "]
[Site "CEZ arena,  Pardubice  (CZE)"]
[Date "2007.07.27"]
[Round "8"]
[White "Voloshin, Leonid"]
[Black "Sabol, Marian"]
[Result "1/2-1/2"]
[WhiteElo "2462"]
[BlackElo "2285"]
[PlyCount "69"]
[EventDate "2007.07.20"]

1. d4 g6 2. e4 Bg7 3. Nc3 c6 4. f4 d5 5. e5 h5 6. Be3 Nh6 7. h3 b6 8. Nf3 Na6
9. Qd2 Nc7 10. g3 Bf5 11. Bg2 Qd7 12. Nh4 Be6 13. Nd1 Nf5 14. Nxf5 Bxf5 15. Nf2
f6 16. Bf3 O-O-O 17. O-O-O g5 18. exf6 exf6 19. fxg5 fxg5 20. g4 hxg4 21. Bxg4
Rdf8 22. Bxg5 Ne6 23. Be3 c5 24. Bxf5 Rxf5 25. c3 cxd4 26. cxd4 Rf3 27. Kb1 Rh4
28. Qe2 Qf7 29. Rc1+ Kb7 30. Qc2 Qd7 31. Rhe1 Bxd4 32. Bxd4 Nxd4 33. Re7 Nxc2
34. Rxd7+ Kc6 35. Rxa7 1/2-1/2

[Event "PARDUBICE OPEN 2007 "]
[Site "CEZ arena,  Pardubice  (CZE)"]
[Date "2007.07.27"]
[Round "8"]
[White "Boros, Denes"]
[Black "Arslanov, Shamil"]
[Result "1/2-1/2"]
[WhiteElo "2460"]
[BlackElo "2266"]
[PlyCount "41"]
[EventDate "2007.07.20"]

1. e4 e6 2. d4 d5 3. e5 c5 4. c3 Nc6 5. Be3 Qb6 6. Qd2 Bd7 7. f4 Nh6 8. Nf3
cxd4 9. cxd4 Bb4 10. Nc3 Rc8 11. Be2 Bxc3 12. bxc3 Na5 13. h3 Nf5 14. Bf2 Qc7
15. Rc1 Nc4 16. Qd3 Bb5 17. Qb1 Ba6 18. g4 Ne7 19. f5 exf5 20. gxf5 Qd7 21. Nh4
1/2-1/2

[Event "PARDUBICE OPEN 2007 "]
[Site "CEZ arena,  Pardubice  (CZE)"]
[Date "2007.07.27"]
[Round "8"]
[White "Vaznonis, Vytautas"]
[Black "Markgraf, Alexander"]
[Result "1/2-1/2"]
[WhiteElo "2315"]
[BlackElo "2452"]
[PlyCount "96"]
[EventDate "2007.07.20"]

1. d4 f5 2. Nf3 Nf6 3. c4 g6 4. b4 e6 5. Qb3 b6 6. Bb2 Bb7 7. e3 Qe7 8. a3 Bg7
9. Be2 O-O 10. O-O d6 11. Nc3 Nbd7 12. d5 e5 13. Ng5 Nxd5 14. Nxd5 Qxg5 15. c5
Kh8 16. f4 Qd8 17. cxd6 cxd6 18. Rad1 Nf6 19. Nxf6 Qxf6 20. Rd2 Qe7 21. Rfd1
Rad8 22. Bc4 g5 23. Bd5 Bc8 24. Rc2 gxf4 25. exf4 exf4 26. Rf2 Bxb2 27. Qxb2+
Qe5 28. Re1 Qxb2 29. Rxb2 Rfe8 30. Rbe2 Rxe2 31. Rxe2 Ba6 32. Re7 Rc8 33. h4
Rc1+ 34. Kh2 Bd3 35. h5 h6 36. Re6 Kg7 37. Rg6+ Kh7 38. Bg8+ Kh8 39. Bd5 Kh7
40. Bg8+ Kh8 41. Bd5 Be4 42. Rxh6+ Kg7 43. Rxd6 Rc2 44. Bxe4 fxe4 45. Kh3 f3
46. gxf3 exf3 47. Kg3 f2 48. Kg2 Ra2 1/2-1/2

[Event "PARDUBICE OPEN 2007 "]
[Site "CEZ arena,  Pardubice  (CZE)"]
[Date "2007.07.27"]
[Round "8"]
[White "Antal, Gergely"]
[Black "Sidorenko, Ilya"]
[Result "1-0"]
[WhiteElo "2447"]
[BlackElo "2256"]
[PlyCount "99"]
[EventDate "2007.07.20"]

1. e4 c5 2. Nf3 d6 3. d4 cxd4 4. Nxd4 Nf6 5. Nc3 Nc6 6. f3 e5 7. Nb3 Be7 8. Be3
O-O 9. Qd2 a5 10. Bb5 Na7 11. Bd3 Be6 12. O-O Nc8 13. Qf2 a4 14. Nd2 d5 15.
exd5 Nxd5 16. Nxd5 Bxd5 17. Rfd1 Qc7 18. c4 Be6 19. Ne4 Nd6 20. Rac1 Nxe4 21.
Bxe4 Ra6 22. Bd5 f5 23. Qc2 Bxd5 24. Rxd5 a3 25. Rcd1 Rd6 26. Rxd6 Bxd6 27. c5
Be7 28. b4 Kh8 29. Rd5 e4 30. fxe4 f4 31. Bd4 Qc6 32. Qc3 Qg6 33. Qf3 h6 34. h3
Bf6 35. Bxf6 Qxf6 36. e5 Qh4 37. Rd1 Qe7 38. Re1 Qe6 39. Re2 Qc4 40. Qe4 Qc1+
41. Kh2 Rd8 42. Rf2 Rd1 43. Qxf4 Rh1+ 44. Kg3 Qe1 45. Kg4 Rf1 46. Qf8+ Kh7 47.
Qf5+ Kh8 48. Kh5 Qc3 49. Kg6 Qg3+ 50. Kf7 1-0

[Event "PARDUBICE OPEN 2007 "]
[Site "CEZ arena,  Pardubice  (CZE)"]
[Date "2007.07.27"]
[Round "8"]
[White "Kim, Alexey"]
[Black "Soural, Jan"]
[Result "1-0"]
[WhiteElo "2445"]
[BlackElo "2160"]
[PlyCount "141"]
[EventDate "2007.07.20"]

1. e4 c5 2. Nf3 d6 3. c3 Nf6 4. Be2 Bd7 5. d3 g6 6. O-O Nc6 7. h3 Bg7 8. Re1
O-O 9. Nbd2 e5 10. a3 Re8 11. b4 b5 12. Nb3 a5 13. bxc5 a4 14. Nbd2 dxc5 15.
Bf1 Qb8 16. Bb2 b4 17. cxb4 cxb4 18. axb4 Qxb4 19. Nc4 Be6 20. Ba3 Qb3 21. Qd2
Nd4 22. Nxd4 exd4 23. Rec1 Bxc4 24. Rxc4 Rec8 25. Rxc8+ Rxc8 26. Be2 Rc2 27.
Qa5 h5 28. Qe1 Qc3 29. Qxc3 dxc3 30. Bd1 Rd2 31. Bxa4 Rxd3 32. f3 Bh6 33. Rd1
Bd2 34. Kf1 Nd7 35. Ke2 Ne5 36. Bc5 Rd8 37. Be3 Ra8 38. Bxd2 cxd2 39. Bb3 Rb8
40. Bd5 Rb2 41. Ke3 g5 42. Kd4 Ng6 43. Kc3 Rb6 44. Rxd2 h4 45. Ra2 Nf4 46. Kd4
Kg7 47. Ra7 Nxg2 48. Rxf7+ Kg6 49. Rb7 Rxb7 50. Bxb7 g4 51. fxg4 Nf4 52. e5
Nxh3 53. Ke3 Ng5 54. Be4+ Kg7 55. Kf4 Ne6+ 56. Kf5 Nd4+ 57. Kg5 h3 58. Kh4 h2
59. Kh3 Kf7 60. Bd5+ Kg6 61. Kxh2 Ne2 62. Bf3 Nd4 63. Kg3 Kg5 64. Bd5 Nc2 65.
Be6 Nd4 66. Bd7 Nb3 67. Kf3 Nc5 68. Bf5 Na4 69. Ke4 Nc3+ 70. Kd4 Ne2+ 71. Kd5
1-0

[Event "PARDUBICE OPEN 2007 "]
[Site "CEZ arena,  Pardubice  (CZE)"]
[Date "2007.07.27"]
[Round "8"]
[White "Groetz, Harald"]
[Black "Novikov, Stanislav"]
[Result "1/2-1/2"]
[WhiteElo "2347"]
[BlackElo "2562"]
[PlyCount "73"]
[EventDate "2007.07.20"]

1. e4 d6 2. d4 g6 3. Nc3 Bg7 4. Nf3 a6 5. a4 Bg4 6. Be2 Nc6 7. Be3 e5 8. dxe5
dxe5 9. Nd5 Nf6 10. Nxf6+ Bxf6 11. h3 Bxf3 12. Qxd8+ Rxd8 13. Bxf3 h6 14. h4
Nd4 15. Bd1 Ne6 16. Bg4 Nd4 17. Bd1 Be7 18. c3 Ne6 19. Bg4 Nf4 20. Bxf4 exf4
21. h5 Bg5 22. Rd1 O-O 23. O-O Kg7 24. Rxd8 Rxd8 25. Rd1 Rxd1+ 26. Bxd1 Kf6 27.
Bg4 b6 28. Bc8 a5 29. f3 Ke5 30. Kf2 Kd6 31. Ke2 gxh5 32. Kd3 Kc5 33. Bd7 h4
34. Be8 f6 35. b3 c6 36. Bd7 b5 37. Be8 1/2-1/2

[Event "PARDUBICE OPEN 2007 "]
[Site "CEZ arena,  Pardubice  (CZE)"]
[Date "2007.07.27"]
[Round "8"]
[White "Kryakvin, Dmitry"]
[Black "Rehorek, Martin"]
[Result "1-0"]
[WhiteElo "2554"]
[BlackElo "2346"]
[PlyCount "77"]
[EventDate "2007.07.20"]

1. e4 c5 2. Nf3 e6 3. d4 cxd4 4. Nxd4 Nc6 5. Nb5 d6 6. Bf4 e5 7. Be3 Nf6 8.
N1c3 a6 9. Na3 Be6 10. Nc4 b5 11. Nb6 Rb8 12. Nbd5 Bxd5 13. Nxd5 Nxd5 14. Qxd5
Qc7 15. c3 Be7 16. a4 Qb7 17. axb5 axb5 18. b4 O-O 19. Be2 Kh8 20. O-O f5 21.
f3 Rf6 22. Kh1 f4 23. Bf2 Rh6 24. Ra2 Bh4 25. Bxh4 Rxh4 26. Qxd6 Rd8 27. Qc5
Qf7 28. Rfa1 Qh5 29. Qg1 h6 30. Bxb5 Ne7 31. Ra8 Rxa8 32. Rxa8+ Kh7 33. Bd7 Qg5
34. Qf2 Qf6 35. Ra1 Rh5 36. Bg4 Rg5 37. b5 h5 38. Bh3 Qd6 39. Qh4 1-0

[Event "PARDUBICE OPEN 2007 "]
[Site "CEZ arena,  Pardubice  (CZE)"]
[Date "2007.07.27"]
[Round "8"]
[White "Lavrov, Maxim"]
[Black "Votava, Jan"]
[Result "0-1"]
[WhiteElo "2345"]
[BlackElo "2547"]
[PlyCount "90"]
[EventDate "2007.07.20"]

1. e4 c5 2. c3 d5 3. exd5 Qxd5 4. d4 Nf6 5. Nf3 e6 6. Be2 Be7 7. O-O O-O 8. c4
Qd8 9. Nc3 cxd4 10. Nxd4 a6 11. Be3 Qc7 12. a3 e5 13. Nf3 Be6 14. Rc1 Nbd7 15.
Ng5 Bf5 16. Bd3 Bg6 17. b4 Rad8 18. Bxg6 hxg6 19. Qe2 Nb8 20. c5 Nc6 21. Qc4
Nd4 22. f3 b6 23. Nge4 bxc5 24. Nxf6+ gxf6 25. Ne4 Qc8 26. Nxc5 a5 27. Bxd4
Rxd4 28. Qb5 axb4 29. Nb3 Qd7 30. Nxd4 Qxd4+ 31. Kh1 bxa3 32. Rfd1 Qb4 33. Qc6
Kg7 34. h3 f5 35. Rb1 Rd8 36. Re1 Qd4 37. Re2 Bc5 38. Rbe1 Bb4 39. Rc1 Bd2 40.
Rd1 a2 41. Qa6 Qb2 42. Qa4 Rd4 43. Qa6 Bc3 44. Rxb2 Rxd1+ 45. Kh2 a1=Q 0-1

[Event "PARDUBICE OPEN 2007 "]
[Site "CEZ arena,  Pardubice  (CZE)"]
[Date "2007.07.27"]
[Round "8"]
[White "Onoprienko, Vladimir"]
[Black "Jedynak, Radoslaw"]
[Result "0-1"]
[WhiteElo "2342"]
[BlackElo "2540"]
[PlyCount "64"]
[EventDate "2007.07.20"]

1. e4 c6 2. d4 d5 3. e5 Bf5 4. Nd2 e6 5. Nb3 Nd7 6. Nf3 Ne7 7. Be2 h6 8. O-O
Qc7 9. Be3 Bh7 10. h3 a6 11. Re1 c5 12. Nxc5 Nxc5 13. dxc5 Nf5 14. b4 Nxe3 15.
fxe3 Be7 16. c4 Be4 17. Qa4+ Kf8 18. cxd5 Bxd5 19. Rf1 h5 20. Rad1 g5 21. e4
Bxe4 22. Nd4 Qxe5 23. Qd7 Rh6 24. Bc4 Rf6 25. Rxf6 Bxf6 26. Nxe6+ fxe6 27. Bxe6
Bg6 28. Rf1 Re8 29. Bd5 Re7 30. Qc8+ Kg7 31. Bxb7 Bd3 32. Rd1 Qg3 0-1

[Event "PARDUBICE OPEN 2007 "]
[Site "CEZ arena,  Pardubice  (CZE)"]
[Date "2007.07.27"]
[Round "8"]
[White "Ragger, Markus"]
[Black "Priborsky, Ivo"]
[Result "1-0"]
[WhiteElo "2529"]
[BlackElo "2339"]
[PlyCount "65"]
[EventDate "2007.07.20"]

1. e4 g6 2. d4 Bg7 3. Nc3 d6 4. Be3 a6 5. f4 Nf6 6. h3 O-O 7. Nf3 b5 8. Bd3 b4
9. Ne2 Bb7 10. e5 Nd5 11. Qd2 Nd7 12. h4 c5 13. e6 fxe6 14. h5 Rf6 15. hxg6
hxg6 16. Bf2 Qc7 17. Bh4 Nf8 18. c3 c4 19. Bc2 a5 20. Bg5 Rb8 21. Nh4 Kf7 22.
Ng3 bxc3 23. bxc3 Ba8 24. O-O Qc6 25. Rae1 Rb6 26. Be4 Qa4 27. Qf2 Qa3 28. Qf3
Rb2 29. Bxf6 exf6 30. Nxg6 Nxg6 31. Bxg6+ Kf8 32. Rxe6 Nc7 33. Qxa8+ 1-0

[Event "PARDUBICE OPEN 2007 "]
[Site "CEZ arena,  Pardubice  (CZE)"]
[Date "2007.07.27"]
[Round "8"]
[White "Khamzin, Olzhas"]
[Black "Bromberger, Stefan"]
[Result "0-1"]
[WhiteElo "2333"]
[BlackElo "2500"]
[PlyCount "68"]
[EventDate "2007.07.20"]

1. d4 Nf6 2. c4 g6 3. Nc3 Bg7 4. e4 d6 5. Nf3 O-O 6. Be2 e5 7. O-O Nc6 8. d5
Ne7 9. Ne1 Nd7 10. Nd3 f5 11. Bd2 Nf6 12. f3 f4 13. c5 g5 14. cxd6 cxd6 15. Nf2
Ng6 16. a4 Rf7 17. Qc2 h5 18. h3 Bf8 19. Rfc1 g4 20. hxg4 hxg4 21. fxg4 Nh4 22.
Qd1 Rg7 23. Bf3 Nxf3+ 24. gxf3 Nxg4 25. fxg4 Qh4 26. Qf3 Bxg4 27. Nxg4 Rxg4+
28. Kf1 Rg3 29. Qf2 Qh3+ 30. Ke1 Rg2 31. Qf1 Qg3+ 32. Kd1 Rg1 33. Qxg1 Qxg1+
34. Kc2 Qd4 0-1

[Event "PARDUBICE OPEN 2007 "]
[Site "CEZ arena,  Pardubice  (CZE)"]
[Date "2007.07.27"]
[Round "8"]
[White "Dinger, Florian"]
[Black "Thiede, Lars"]
[Result "1-0"]
[WhiteElo "2332"]
[BlackElo "2489"]
[PlyCount "57"]
[EventDate "2007.07.20"]

1. e4 g6 2. d4 Bg7 3. Nc3 d6 4. Be3 a6 5. f4 b5 6. Nf3 Nd7 7. Bd3 Bb7 8. e5 c5
9. Be4 Bxe4 10. Nxe4 Nh6 11. e6 fxe6 12. Neg5 Nf5 13. Qe2 Bxd4 14. Nxe6 Qa5+
15. Bd2 Qb6 16. g4 Bxb2 17. Rb1 Nd4 18. Nfxd4 Bxd4 19. c3 Bf6 20. g5 Kf7 21.
O-O Rae8 22. f5 Rhg8 23. Qe4 d5 24. Qxd5 Qd6 25. fxg6+ hxg6 26. Nd8+ Kg7 27.
gxf6+ Nxf6 28. Ne6+ Kh8 29. Qxd6 1-0

[Event "PARDUBICE OPEN 2007 "]
[Site "CEZ arena,  Pardubice  (CZE)"]
[Date "2007.07.27"]
[Round "8"]
[White "Bibik, Jura"]
[Black "Orlov, Andrey"]
[Result "0-1"]
[WhiteElo "2328"]
[BlackElo "2477"]
[PlyCount "78"]
[EventDate "2007.07.20"]

1. d4 Nf6 2. Bf4 d6 3. Nf3 g6 4. e3 Bg7 5. Be2 O-O 6. O-O Nfd7 7. h3 e5 8. Bh2
Nc6 9. c4 exd4 10. exd4 Nf6 11. Nc3 Bf5 12. Bf4 Re8 13. Re1 Nb4 14. Rc1 Ne4 15.
a3 Nxc3 16. Rxc3 Nc6 17. Re3 Rxe3 18. Bxe3 d5 19. Bd3 Bxd3 20. Qxd3 Qd7 21. Rc1
Rd8 22. cxd5 Qxd5 23. Qc4 h6 24. Qxd5 Rxd5 25. Rc4 f5 26. h4 Kf7 27. Kf1 Ke6
28. Ke2 Kd7 29. a4 a6 30. Kd3 b5 31. axb5 axb5 32. Rc1 Nd8 33. g3 Ne6 34. b4 g5
35. hxg5 hxg5 36. Rb1 g4 37. Nh4 Nxd4 38. Bxd4 Rxd4+ 39. Ke3 Rd5 0-1

[Event "PARDUBICE OPEN 2007 "]
[Site "CEZ arena,  Pardubice  (CZE)"]
[Date "2007.07.27"]
[Round "8"]
[White "Pileckis, Emilis"]
[Black "Boskovic, Drasko"]
[Result "0-1"]
[WhiteElo "2326"]
[BlackElo "2473"]
[PlyCount "96"]
[EventDate "2007.07.20"]

1. Nf3 c5 2. c4 g6 3. d4 cxd4 4. Nxd4 Nc6 5. Nc3 Bg7 6. e3 Nf6 7. g3 Nxd4 8.
Qxd4 O-O 9. Bg2 d6 10. O-O Be6 11. Qd3 Qc7 12. b3 d5 13. Nb5 Qb6 14. c5 Qxc5
15. Ba3 Qb6 16. Bxe7 Bf5 17. Qd4 Qxb5 18. Bxf6 Bxf6 19. Qxf6 Be4 20. Bh3 a5 21.
Rfd1 a4 22. Bf1 Qb4 23. bxa4 Rxa4 24. f3 Bf5 25. Rxd5 Be6 26. Rb5 Qd2 27. Qe5
Rc8 28. Rb2 Rc2 29. Qb8+ Kg7 30. Qe5+ Kg8 31. Qb8+ Kg7 32. Qe5+ Kh6 33. Rxc2
Qxc2 34. g4 Bxg4 35. e4 Be6 36. Qf4+ Kg7 37. Qe5+ Kg8 38. a3 Ra8 39. Qd4 h5 40.
a4 Rc8 41. Qd1 Qc3 42. Rb1 Kh7 43. Rxb7 Qe3+ 44. Kg2 Rc1 45. Qe2 Qg5+ 46. Kf2
Qc5+ 47. Kg3 Rc2 48. Qd1 Qg5# 0-1

[Event "PARDUBICE OPEN 2007 "]
[Site "CEZ arena,  Pardubice  (CZE)"]
[Date "2007.07.27"]
[Round "8"]
[White "Bajarani, Ilgar"]
[Black "Klovans, Janis"]
[Result "1/2-1/2"]
[WhiteElo "2319"]
[BlackElo "2446"]
[PlyCount "117"]
[EventDate "2007.07.20"]

1. e4 e5 2. Nf3 Nc6 3. Bb5 a6 4. Ba4 Nf6 5. O-O Be7 6. Re1 b5 7. Bb3 d6 8. c3
O-O 9. h3 Na5 10. Bc2 c5 11. d4 Qc7 12. Nbd2 cxd4 13. cxd4 Rd8 14. d5 Bd7 15.
Nf1 Rdc8 16. Bd3 Nb7 17. g4 Nc5 18. Bb1 a5 19. Ng3 g6 20. Nh2 Ne8 21. Kg2 Qd8
22. Be3 Bg5 23. Qd2 Bxe3 24. Qxe3 b4 25. g5 Na4 26. Qd2 Rc5 27. h4 Ng7 28. Bd3
Rac8 29. b3 Nc3 30. h5 gxh5 31. Nf3 Bg4 32. Rh1 f6 33. Nh2 Bd7 34. Nf3 fxg5 35.
Qxg5 Qxg5 36. Nxg5 h6 37. Nf3 Rf8 38. Nd2 Be8 39. a3 bxa3 40. Rxa3 Bg6 41. Bc4
Rf4 42. f3 h4 43. Ngf1 Nh5 44. Ne3 Rc7 45. Kh2 Rg7 46. Ng2 Rf8 47. Bd3 h3 48.
Nh4 Nf4 49. Bc4 Bh7 50. Rxa5 Ng2 51. Kxh3 Nxh4 52. Kxh4 Rg2 53. Rc1 Rxd2 54.
Rxc3 Kh8 55. b4 Rg8 56. Ra2 Rd1 57. Rcc2 Rh1+ 58. Rh2 Rhg1 59. Raf2 1/2-1/2

[Event "PARDUBICE OPEN 2007 "]
[Site "CEZ arena,  Pardubice  (CZE)"]
[Date "2007.07.27"]
[Round "8"]
[White "Mueller, Fabian"]
[Black "Vokac, Marek"]
[Result "0-1"]
[WhiteElo "2317"]
[BlackElo "2443"]
[PlyCount "100"]
[EventDate "2007.07.20"]

1. d4 d5 2. c4 c6 3. Nf3 Nf6 4. Nc3 Bf5 5. Qb3 Qb6 6. c5 Qc7 7. Bf4 Qc8 8. e3
Nbd7 9. Be2 e6 10. O-O Be7 11. h3 h6 12. Qd1 O-O 13. b4 Ne4 14. Nxe4 Bxe4 15.
Bd3 Bxd3 16. Qxd3 b6 17. Rfc1 a5 18. a3 Qb7 19. Qc3 axb4 20. axb4 b5 21. Rcb1
Rfc8 22. Nd2 Bd8 23. Nb3 Rxa1 24. Rxa1 Ra8 25. Rxa8 Qxa8 26. Qa1 Qb7 27. Bd6
Nf6 28. f3 Ne8 29. e4 dxe4 30. fxe4 Nf6 31. Nd2 Bc7 32. Qa3 Qb8 33. Qg3 Bxd6
34. cxd6 Qa7 35. Qf2 e5 36. dxe5 Qa1+ 37. Kh2 Qxe5+ 38. Qg3 Qd4 39. e5 Nd7 40.
Nf3 Qxb4 41. Qf2 Qf4+ 42. Kg1 c5 43. Qa2 b4 44. Qa8+ Kh7 45. Qa7 Qf5 46. Kh1
Qe6 47. Kg1 b3 48. Kh1 c4 49. Nd4 Qxe5 50. Qc7 b2 0-1

[Event "PARDUBICE OPEN 2007 "]
[Site "CEZ arena,  Pardubice  (CZE)"]
[Date "2007.07.27"]
[Round "8"]
[White "Freisler, Pavel"]
[Black "Janturin, Artur"]
[Result "0-1"]
[WhiteElo "2313"]
[BlackElo "2435"]
[PlyCount "78"]
[EventDate "2007.07.20"]

1. Nf3 b5 2. e4 a6 3. d4 Bb7 4. Bd3 Nf6 5. Qe2 e6 6. Bg5 c5 7. dxc5 Bxc5 8.
Nbd2 h6 9. Bh4 Qc7 10. O-O Nh5 11. Ne1 Nf4 12. Qg4 g5 13. Bg3 Nc6 14. h4 O-O-O
15. Nef3 Rhg8 16. hxg5 hxg5 17. Rfe1 f6 18. a4 b4 19. Nc4 Rh8 20. e5 f5 21.
Qxg5 Nh5 22. Nd6+ Kb8 23. Nxb7 Qxb7 24. Bh2 Rdg8 25. Qh4 Nd4 26. Ng5 Ng3 27.
Qxg3 Rh5 28. Ne4 Rxg3 29. Nxg3 Rg5 30. b3 Qc8 31. Kf1 Qh8 32. Bg1 Rg8 33. Rad1
f4 34. Ne2 Nf3 35. Nxf4 Nxg1 36. Kxg1 Qh4 37. Re4 Qxf2+ 38. Kh2 Qg3+ 39. Kh1
Rh8+ 0-1

[Event "PARDUBICE OPEN 2007 "]
[Site "CEZ arena,  Pardubice  (CZE)"]
[Date "2007.07.27"]
[Round "8"]
[White "Schneider, Ilja"]
[Black "Bucinskas, Valdas"]
[Result "1-0"]
[WhiteElo "2435"]
[BlackElo "2311"]
[PlyCount "55"]
[EventDate "2007.07.20"]

1. Nf3 c5 2. c4 e6 3. Nc3 Nf6 4. d4 cxd4 5. Nxd4 b6 6. e4 d6 7. g3 Bb7 8. Bg2
a6 9. O-O Nbd7 10. b3 Rc8 11. Bb2 Qc7 12. Qe2 Be7 13. Rad1 O-O 14. f4 g6 15.
Kh1 Rfe8 16. Rd2 Qb8 17. f5 gxf5 18. exf5 e5 19. Nc2 b5 20. cxb5 axb5 21. Ne3
Rxc3 22. Bxc3 Ne4 23. Nd5 Nxd2 24. f6 Bf8 25. Bxd2 Nb6 26. Ne7+ Rxe7 27. Qg4+
Kh8 28. fxe7 1-0

[Event "PARDUBICE OPEN 2007 "]
[Site "CEZ arena,  Pardubice  (CZE)"]
[Date "2007.07.27"]
[Round "8"]
[White "Stark, Lars"]
[Black "Zolotukhin, Valery"]
[Result "0-1"]
[WhiteElo "2430"]
[BlackElo "2298"]
[PlyCount "98"]
[EventDate "2007.07.20"]

1. c4 Nf6 2. g3 g6 3. Bg2 Bg7 4. Nc3 d6 5. e4 O-O 6. Nge2 c5 7. O-O Nc6 8. a3
Bd7 9. Rb1 Ne8 10. b4 b6 11. b5 Nd4 12. Nxd4 cxd4 13. Nd5 Nc7 14. Nb4 Ne6 15.
d3 Nc5 16. f4 Rc8 17. Rb2 a5 18. bxa6 Ba4 19. Qf3 b5 20. cxb5 Bxb5 21. a4 Nxa4
22. Ra2 Qc7 23. Bd2 Nc3 24. Bxc3 dxc3 25. Nc2 Ra8 26. Rfa1 Ra7 27. Qe3 Rfa8 28.
e5 Bc6 29. Bxc6 Qxc6 30. Nb4 Qb5 31. Qe4 dxe5 32. fxe5 Bxe5 33. Ra5 Qb6+ 34.
Kf1 Bd6 35. Nd5 Qb2 36. R5a2 Rxa6 37. Rxa6 Qxa1+ 38. Rxa1 Rxa1+ 39. Qe1 Rxe1+
40. Kxe1 e6 41. Ne3 Bc5 42. Nc2 e5 43. Ke2 f5 44. Kf3 Kf7 45. Ke2 Ke6 46. Kf3
Kd5 47. h3 g5 48. g4 e4+ 49. dxe4+ fxe4+ 0-1